Introducción a la ciencia del derecho / Theodor Sternberg ; traducido por José Rovira y Ermengol [i.e. Armengol]
Descripción Física:
408 p. ; 19 cm
Colección:
Colección Labor : Biblioteca de iniciación cultural : Sección VIII : ciencias jurídicas ; 226-227
Otros Autores:
Rovira i Armengol, Josep, tr
Materias:
Dret
MARC
| LEADER | 00000nam a2200000Ia 4500 | ||
|---|---|---|---|
| 001 | 1016 | ||
| 008 | 160829s1930 xx 000 0 cat d | ||
| 080 | |a D-1-140 | ||
| 100 | |a Sternberg, Theodor |9 19949 | ||
| 245 | |a Introducción a la ciencia del derecho / Theodor Sternberg ; traducido por José Rovira y Ermengol [i.e. Armengol] | ||
| 260 | |a Barcelona : |b Labor, |c 1930 | ||
| 300 | |a 408 p. ; |c 19 cm | ||
| 490 | |a Colección Labor : Biblioteca de iniciación cultural : Sección VIII : ciencias jurídicas ; 226-227 | ||
| 650 | 0 | |a Dret |9 19950 | |
| 700 | |a Rovira i Armengol, Josep, tr. |9 19951 | ||
| 901 | |a Arxiu | ||
| 942 | |n 1 | ||
| 952 | |0 0 |1 0 |4 0 |6 D1140 |7 1 |9 41383 |a Arxiu |b Arxiu |d 2016-12-01 |l 0 |o D-1-140 |p 1016 |r 2016-12-01 00:00:00 |w 2016-12-01 |y ARXIU | ||
| 999 | |c 43190 |d 43190 | ||